000 01584cam a2200409 i 4500
001 21916511
003 NUST
005 20220828171521.0
008 210225s2021 nyua b 001 0beng
010 _a 2021002669
020 _a9781250174819
_q(hardcover)
038 _aAzhar
040 _aDLC
_beng
_cDLC
_erda
_dDLC
042 _apcc
043 _an-us---
050 0 0 _aHE6499
_b.S54 2021
082 0 0 _a363.28
_aB
_223
_bSOH
100 1 _aSohn, Amy,
_d1973-
_eauthor.
_993745
245 1 4 _aThe man who hated women :
_bsex, censorship, and civil liberties in the gilded age
_cAmy Sohn.
250 _aFirst edition.
260 _aNew York :
_bFarrar, Straus and Giroux,
_c2021
300 _axii, 386 p
_billustrations ;
_c24 cm
336 _atext
_btxt
_2rdacontent
337 _aunmediated
_bn
_2rdamedia
338 _avolume
_bnc
_2rdacarrier
504 _aIncludes bibliographical references and index.
520 _a"A narrative history about Anthony Comstock, US Postal Inspector and vice hunter, and the remarkable women who opposed him"--
_cProvided by publisher.
563 _aHB
600 1 0 _aComstock, Anthony,
_d1844-1915.
_993746
650 0 _aPostal inspectors
_zUnited States
_vBiography.
_993747
650 0 _aWomen
_xSexual behavior
_zUnited States
_xHistory.
_993748
650 0 _aPornography
_zUnited States
_xHistory.
_993749
651 0 _aUnited States
_xMoral conditions.
_991345
906 _a7
_bcbc
_corignew
_d1
_eecip
_f20
_gy-gencatlg
942 _2ddc
_cLC
999 _c590345
_d590345